| 000 | 00725nam a2200241 a 4500 | ||
|---|---|---|---|
| 001 | 72332 | ||
| 003 | BD-RjUL | ||
| 005 | 20211209082240.0 | ||
| 008 | 170516s1942 enk||||| |||| 001 0 eng d | ||
| 035 | _a(BD-RjUL)72549 | ||
| 040 |
_aBD-RjUL _beng _cBD-RjUL |
||
| 041 | _aeng | ||
| 082 |
_223 _a665.5 _bGRC 1942 |
||
| 100 | 1 |
_aGruse, W. A _9213903 |
|
| 245 | 1 | 0 |
_aThe Chemical technology of petroleum : _bpublished formerly as petroleum its products / _cW. A. Gruse and Donald R.Stevens |
| 250 | _a2nd ed. | ||
| 260 |
_aLondon : _bMc- Graw-Hill, _c1942. |
||
| 300 |
_axiii, 733 p. : _bill. ; _c23 cm. |
||
| 500 | _aIncludes index | ||
| 650 |
_aPetroleum _9213904 |
||
| 700 |
_aStevens, Donald R. _9213905 |
||
| 942 |
_2ddc _cBK |
||
| 999 |
_c72332 _d72332 |
||